000 01491nam a2200277Ia 4500
003 PE SENCICO BE
005 20251020182432.0
008 200515s9999 xx 000 0 und d
020 _a84-252-0609-X
040 _aPE SENCICO BE
_cPE SENCICO BE
041 _aspa
082 _a704.9
_bD75
100 1 _aDondis, D. A.
_92616
_eautor
245 1 0 _aLa sintaxis de la imagen :
_bintroducción al alfabeto visual /
_cD. A. Dondis
250 _a15a ed.
260 _aBarcelona :
_bGustavo Gili ;
_c2002
300 _a211 p. :
_bil., graf. ;
_c21 cm.
490 _aGG Diseño
505 0 _aCaracter y contenido de la alfabetizado visual -- Composición: los fundamentos sintácticos de la alfabetidad -- Elementos básicos de la comunicación visual -- La anatomía del mensaje visual -- Dinámica del contraste -- Técnicas visuales: estrategias de comunicación -- Síntesis del estilo visual -- Las artes visuales: función y mensaje -- Alfabetidad visual: cómo y por qué
520 3 _aLa obra se sitúa dentro de las series de trabajos que fundamentándose en los estudios científicos sobre las bases de la percepción visual, tratan de establecer los principios de una teoría de la coordinación de los elementos plásticos en vistas a la elaboración de una verdadera gramática de las imágenes.
650 1 0 _aComunicación visual
_9460
650 2 0 _aDiseño de la imagen
_92617
650 2 0 _aArtes visuales
_917
650 2 0 _aPercepción visual
_989
942 _cLIB
_2ddc
999 _c272
_d272